000 01127nam a22003257a 4500
003 CHAP
005 20220329143843.0
008 120223s1999 mx r 00010 spa d
010 _a102825
011 _a103797
035 _a114486
040 _cCHAP
090 _aTesis
100 1 _aMuñoz Iniestra, Daniel Jesús.
_979618
245 1 0 _aEstudio cartográfico y morfológico de los suelos de la porción sur del Valle del Mezquital
_c/por Daniel Jesús Muñoz Iniestra
260 _aMéxico, D.F. :
_bEl autor,
_c1999
300 _a105 h. :
_bilus.
502 _aTesis (M.C. en Biologia) -- UNAM. Facultad de Ciencias
590 _aALEPH
_b10
_c20130110
_lUCH01
_h1544
590 _aBATCH-UPD
_b10
_c20130110
_lUCH01
_h1338
590 _aBATCH-UPD
_b10
_c20130410
_lUCH01
_h0841
590 _aBATCH-UPD
_b10
_c20130914
_lUCH01
_h0854
590 _aCONVERSION
_b10
_c20130109
_lUCH01
_h1357
650 1 4 _aCartografía.
_919644
650 1 4 _aMorfología vegetal.
_978772
650 1 4 _aSuelos
_zHidalgo.
_9110522
901 _aBK
942 _cTESIS
949 _aTesis
_bBC
_cTES
_d33724002325892
_eTS1
_gDonaciØn
_h53372
_i114486
_sb
999 _c102825
_d102825